[Event "Titled Tue 26th Aug Early"]
[Site "chess.com INT"]
[Date "2025.08.26"]
[Round "8"]
[White "Koridze, Lile"]
[Black "Brilej, Jaka"]
[Result "0-1"]
[WhiteTitle "WFM"]
[BlackTitle "FM"]
[WhiteElo "2110"]
[BlackElo "2334"]
[WhiteFideId "13612514"]
[BlackFideId "14618818"]
[EventDate "2025.08.26"]

1. d4 Nf6 2. c4 e6 3. Nf3 Bb4+ 4. Bd2 a5 5. e3 b6 6. Bd3 Bb7 7. a3 Bxd2+ 8.
Nbxd2 d6 9. O-O Qe7 10. Qc2 e5 11. dxe5 dxe5 12. Ne4 Nbd7 13. Rfd1 O-O 14. h3 a4
15. Nfg5 h6 16. Nxf6+ Nxf6 17. Ne4 Rfd8 18. Nxf6+ Qxf6 19. Be4 Bxe4 20. Qxe4 Qe6
21. Rd5 Rxd5 22. cxd5 Qd6 23. Rc1 Ra5 24. Rd1 g6 25. Qc4 h5 26. e4 Qc5 27. Qe2
Qb5 28. Qd2 Qb3 29. Rc1 Rc5 30. Rxc5 bxc5 31. Qc1 c4 32. Qd2 h4 33. Qc3 Qd1+ 34.
Kh2 Qd4 35. Qc2 Qd3 36. Qxa4 Qxe4 37. Qd1 Qd3 38. Qf3 Qd4 39. Kg1 Qxb2 40. d6
cxd6 41. Qa8+ Kg7 42. Qd8 Qc1+ 43. Kh2 Qf4+ 44. Kg1 Qd4 0-1

[Event "Titled Tue 26th Aug Early"]
[Site "chess.com INT"]
[Date "2025.08.26"]
[Round "8"]
[White "Saydaliev, Saidakbar"]
[Black "Sovetbekova, Nurai"]
[Result "1-0"]
[WhiteTitle "IM"]
[BlackTitle "WFM"]
[WhiteElo "2455"]
[BlackElo "2027"]
[WhiteFideId "14203693"]
[BlackFideId "13801910"]
[EventDate "2025.08.26"]

1. e4 c5 2. Nf3 d6 3. d4 cxd4 4. Nxd4 Nf6 5. Nc3 a6 6. Be3 e5 7. Nb3 Be6 8. f3
h5 9. Qd2 Nbd7 10. Nd5 Bxd5 11. exd5 g6 12. Be2 Bg7 13. O-O b6 14. c4 O-O 15. h3
Qc7 16. Rac1 Nc5 17. Na1 a5 18. Nc2 Rae8 19. Na3 h4 20. Nb5 Qd7 21. Qe1 e4 22.
f4 Nh5 23. Qxh4 Bf6 24. Qf2 Bxb2 25. Rb1 Bg7 26. Bxh5 gxh5 27. f5 Re5 28. Nd4 f6
29. Rxb6 Nd3 30. Qe2 Qf7 31. Rxd6 Rc8 32. Rc6 Rb8 33. Nb5 Qd7 34. Qxh5 Re7 35.
Rc7 Qd8 36. d6 Re5 37. Qf7+ 1-0

[Event "Titled Tue 26th Aug Early"]
[Site "chess.com INT"]
[Date "2025.08.26"]
[Round "8"]
[White "Janukshan, B"]
[Black "Thet Naung"]
[Result "0-1"]
[WhiteTitle "CM"]
[BlackTitle "FM"]
[WhiteElo "1944"]
[BlackElo "2267"]
[WhiteFideId "29945399"]
[BlackFideId "13004093"]
[EventDate "2025.08.26"]

1. Nf3 Nf6 2. b3 c5 3. Bb2 e6 4. e3 b6 5. Be2 Bb7 6. O-O Be7 7. d4 O-O 8. Nbd2
d6 9. c4 Nbd7 10. Rc1 Rc8 11. h3 h6 12. Qc2 d5 13. Rfd1 cxd4 14. exd4 dxc4 15.
bxc4 Qc7 16. Qb3 Rfd8 17. a4 Nh5 18. Bf1 Nf4 19. g3 Nh5 20. Bg2 Nxg3 21. fxg3
Qxg3 22. Nf1 Qg6 23. Kh1 Nf6 24. Qe3 Nh5 25. Ne1 Bg5 26. Qf2 Bxg2+ 27. Nxg2 Bxc1
28. Rxc1 Nf6 29. Ng3 Qd3 30. Rc3 Qb1+ 31. Kh2 Qa2 32. Nf4 Rxc4 33. Rxc4 Qxc4 34.
Nfh5 Nxh5 35. Nxh5 Qc7+ 36. Kg1 Rd5 37. Kf1 Rxh5 0-1

[Event "Titled Tue 26th Aug Early"]
[Site "chess.com INT"]
[Date "2025.08.26"]
[Round "8"]
[White "Aalto, Patrik"]
[Black "Ugarte Soto, Cesar"]
[Result "1-0"]
[WhiteTitle "FM"]
[BlackTitle "CM"]
[WhiteElo "2335"]
[BlackElo "2088"]
[WhiteFideId "510726"]
[BlackFideId "3601331"]
[EventDate "2025.08.26"]

1. c4 g6 2. g3 Bg7 3. Bg2 f5 4. d4 Nf6 5. Nf3 O-O 6. O-O d6 7. Nc3 Nbd7 8. d5 a6
9. Nd4 Ne5 10. b3 c5 11. dxc6 Nxc6 12. Nxc6 bxc6 13. Bxc6 Rb8 14. Qc2 Ne4 15.
Bb2 Ng5 16. h4 Nf7 17. Rad1 Qc7 18. Bg2 e6 19. e4 Ne5 20. exf5 gxf5 21. Rfe1 Qb6
22. Na4 Qc7 23. c5 Ng4 24. Bxg7 Qxg7 25. cxd6 Bd7 26. Qe2 Rb5 27. Qd2 Rc8 28.
Rc1 Rd8 29. Rc7 Qf8 30. Nc5 Bc8 31. Qg5+ 1-0

[Event "Titled Tue 26th Aug Early"]
[Site "chess.com INT"]
[Date "2025.08.26"]
[Round "8"]
[White "Almedina Ortiz, Edgardo J."]
[Black "Salasan, Haran"]
[Result "0-1"]
[WhiteTitle "FM"]
[BlackTitle "CM"]
[WhiteElo "2210"]
[BlackElo "2059"]
[WhiteFideId "3100197"]
[BlackFideId "3221253"]
[EventDate "2025.08.26"]

1. d4 Nf6 2. c4 e6 3. Nf3 d5 4. Nc3 c6 5. e3 Nbd7 6. b3 Bb4 7. Bb2 Ne4 8. Qc2
Qa5 9. Rc1 Qxa2 10. Bd3 Nxc3 11. Bxc3 Qxc2 12. Rxc2 Bxc3+ 13. Rxc3 O-O 14. b4
dxc4 15. Bxc4 Nb6 16. Ne5 Nd5 17. Rb3 f6 18. Nf3 a5 19. bxa5 Rxa5 20. O-O b5 21.
Bd3 Bd7 22. g3 Rfa8 23. e4 Ne7 24. Kg2 Ra3 25. Rfb1 Kf7 26. Be2 Rxb3 27. Rxb3
Nc8 28. e5 Nb6 29. Bd3 Nd5 30. h4 b4 31. Bxh7 Ra3 32. Rxa3 bxa3 33. Bb1 Nc3 0-1

[Event "Titled Tue 26th Aug Early"]
[Site "chess.com INT"]
[Date "2025.08.26"]
[Round "8"]
[White "Buksa, Nataliya"]
[Black "Kocharin, Timur"]
[Result "1-0"]
[WhiteTitle "IM"]
[BlackTitle "FM"]
[WhiteElo "2400"]
[BlackElo "2310"]
[WhiteFideId "14123622"]
[BlackFideId "16240936"]
[EventDate "2025.08.26"]

1. d4 Nf6 2. Nf3 b6 3. b3 Bb7 4. Bb2 e6 5. e3 c5 6. Bd3 d5 7. Nbd2 Nbd7 8. O-O
Ne4 9. Qe2 Be7 10. Ne5 O-O 11. Rad1 Rc8 12. Nxd7 Qxd7 13. Bxe4 dxe4 14. dxc5 Qc6
15. cxb6 Qxc2 16. Bd4 axb6 17. Qg4 g6 18. Qf4 f6 19. Qg4 Kf7 20. Nc4 h5 21. Qf4
g5 22. Qg3 e5 23. Bxe5 fxe5 24. Qxe5 Rfd8 25. Qf5+ Kg7 26. Ne5 Rc6 27. Qf7+ Kh6
28. Rxd8 Bxd8 29. Qf8+ Kh7 30. Qxd8 Rc5 31. Qe7+ Kh8 32. Qf6+ Kh7 33. Qg6+ 1-0

[Event "Titled Tue 26th Aug Early"]
[Site "chess.com INT"]
[Date "2025.08.26"]
[Round "8"]
[White "Carlsen, Magnus"]
[Black "Xiong, Jeffery"]
[Result "1-0"]
[WhiteTitle "GM"]
[BlackTitle "GM"]
[WhiteElo "2839"]
[BlackElo "2650"]
[WhiteFideId "1503014"]
[BlackFideId "2047640"]
[EventDate "2025.08.26"]

1. h3 e5 2. e4 Nf6 3. Nc3 Nc6 4. Nf3 Bb4 5. a3 Bxc3 6. dxc3 Nxe4 7. Nxe5 Nxe5 8.
Qd5 O-O 9. Qxe4 d5 10. Qd4 Nc6 11. Qf4 d4 12. cxd4 Qxd4 13. c3 Re8+ 14. Be2
Rxe2+ 15. Kxe2 Qd5 16. f3 Bf5 17. Kf2 Ne5 18. Qd4 Nd3+ 19. Kg3 Qe6 20. Rd1 c5
21. Qe3 Qd6+ 22. Qf4 Qe6 23. Qc7 Re8 24. Kh2 h6 25. Bf4 Qb3 26. Rd2 Rc8 27. Qd6
Rc6 28. Qd8+ Kh7 29. Rxd3 1-0

[Event "Titled Tue 26th Aug Early"]
[Site "chess.com INT"]
[Date "2025.08.26"]
[Round "8"]
[White "Galchenko, Matvey"]
[Black "Karttunen, Mika"]
[Result "1-0"]
[WhiteTitle "IM"]
[BlackTitle "IM"]
[WhiteElo "2435"]
[BlackElo "2490"]
[WhiteFideId "24175480"]
[BlackFideId "502081"]
[EventDate "2025.08.26"]

1. f4 Nh6 2. e4 d5 3. exd5 Qxd5 4. Nc3 Qd6 5. d4 a6 6. Nf3 g6 7. Ne4 Qd8 8. c3
Bg7 9. Bd3 O-O 10. O-O b6 11. Qe2 Bb7 12. Bd2 Nd7 13. Rae1 e6 14. Ne5 Nf5 15.
Ng5 Qe7 16. Bc4 Nd6 17. Bb3 c5 18. Nexf7 Nxf7 19. Bxe6 Qd6 20. Qc4 b5 21. Nxf7
Rxf7 22. Bxf7+ Kf8 23. Qe6 Qxe6 24. Bxe6 Rd8 25. f5 g5 26. f6 Bh8 27. Bxg5 1-0

[Event "Titled Tue 26th Aug Early"]
[Site "chess.com INT"]
[Date "2025.08.26"]
[Round "8"]
[White "Ivannikov, Maksim"]
[Black "Baches Garcia, Guillermo"]
[Result "1-0"]
[WhiteTitle "CM"]
[BlackTitle "IM"]
[WhiteElo "2100"]
[BlackElo "2305"]
[WhiteFideId "34275339"]
[BlackFideId "2209764"]
[EventDate "2025.08.26"]

1. e4 e6 2. d4 d5 3. exd5 exd5 4. Nf3 Nc6 5. c3 Bd6 6. h3 Nge7 7. Bd3 Bf5 8. O-O
O-O 9. Re1 Qd7 10. Qc2 Rfe8 11. Nbd2 Bxd3 12. Qxd3 Qf5 13. Qb5 Rab8 14. Nf1 a6
15. Qa4 Qd7 16. Bg5 f6 17. Bh4 Ng6 18. Bg3 Rxe1 19. Rxe1 Bxg3 20. Nxg3 Nge7 21.
Qc2 b5 22. Re3 Re8 23. Nh4 g6 24. Qe2 Kf7 25. a4 Nd8 26. axb5 axb5 27. Qd3 Nc8
28. Rf3 Nd6 29. Qd2 Kg7 30. Nh5+ gxh5 31. Rg3+ Kh8 32. Qh6 1-0

[Event "Titled Tue 26th Aug Early"]
[Site "chess.com INT"]
[Date "2025.08.26"]
[Round "8"]
[White "Szpar, Milosz"]
[Black "Mummana Venkata Ruthvik"]
[Result "1-0"]
[WhiteTitle "GM"]
[BlackTitle "CM"]
[WhiteElo "2490"]
[BlackElo "2237"]
[WhiteFideId "1184989"]
[BlackFideId "25697307"]
[EventDate "2025.08.26"]

1. e4 e6 2. d4 d5 3. Nc3 Bb4 4. e5 c5 5. a3 Bxc3+ 6. bxc3 Ne7 7. Qg4 Qc7 8. Qxg7
Rg8 9. Qxh7 cxd4 10. Qd3 Qxe5+ 11. Ne2 dxc3 12. Qxc3 Qxc3+ 13. Nxc3 Nbc6 14. h4
f6 15. h5 a6 16. a4 Kf7 17. g3 e5 18. Rb1 Rb8 19. Bg2 Be6 20. Ne2 Nf5 21. h6
Nfd4 22. Nxd4 Nxd4 23. c3 Nc6 24. Rb6 Ke7 25. Ba3+ Kd7 26. h7 Rh8 27. Rh6 e4 28.
c4 f5 29. cxd5 Bxd5 30. Bd6 Rbe8 31. Rxb7+ Kd8 32. Ba3 Re6 33. Rxe6 Bxe6 34. Bb2
Bc8 35. Bxh8 Bxb7 36. Bf6+ 1-0

[Event "Titled Tue 26th Aug Early"]
[Site "chess.com INT"]
[Date "2025.08.26"]
[Round "8"]
[White "Harriott, Tyrell"]
[Black "Myagmarsuren, Evsuld"]
[Result "1-0"]
[BlackTitle "FM"]
[WhiteElo "1933"]
[BlackElo "2247"]
[WhiteFideId "2086484"]
[BlackFideId "1551639"]
[EventDate "2025.08.26"]

1. d4 d5 2. e3 Nf6 3. Bd3 c5 4. c3 c4 5. Bc2 g6 6. f4 Bf5 7. Nf3 Nc6 8. Nbd2 e6
9. O-O Bd6 10. Ne5 Bxe5 11. fxe5 Ng4 12. Nf3 b5 13. Qe2 a5 14. e4 dxe4 15. Bxe4
Qd7 16. h3 h5 17. Bxf5 gxf5 18. hxg4 hxg4 19. Ng5 O-O-O 20. Kf2 Rdg8 21. Bf4 Qe7
22. Qe3 Qe8 23. Rh1 Ne7 24. Qe2 Nd5 25. g3 Rxh1 26. Rxh1 Rh8 27. Qf1 Qe7 28.
Rxh8+ Kb7 29. Rh7 Kb6 30. Rxf7 Qe8 31. Qh1 b4 32. Qh7 bxc3 33. Rb7+ 1-0

[Event "Titled Tue 26th Aug Early"]
[Site "chess.com INT"]
[Date "2025.08.26"]
[Round "8"]
[White "Shubhi Gupta"]
[Black "Gomes, Luiz Alexandre de Souza"]
[Result "1-0"]
[WhiteTitle "WFM"]
[BlackTitle "FM"]
[WhiteElo "2213"]
[BlackElo "2254"]
[WhiteFideId "25195425"]
[BlackFideId "2102790"]
[EventDate "2025.08.26"]

1. Nf3 d5 2. e3 e6 3. c4 Nf6 4. Nc3 Be7 5. b3 O-O 6. Bb2 b6 7. cxd5 exd5 8. d4
Be6 9. Bd3 c5 10. O-O Nc6 11. Rc1 h6 12. Bb1 Rc8 13. Ne5 cxd4 14. exd4 Nxe5 15.
dxe5 Ng4 16. Nb5 Rxc1 17. Qxc1 Qb8 18. Re1 Bc5 19. Nd4 Rc8 20. Qd2 a5 21. a3
Bxd4 22. Bxd4 h5 23. h3 Nh6 24. Qg5 Qb7 25. Qxh5 Qe7 26. Be3 Qxa3 27. Bxh6 gxh6
28. Qxh6 Qxb3 29. Bh7+ Kh8 30. Bc2+ 1-0

[Event "Titled Tue 26th Aug Early"]
[Site "chess.com INT"]
[Date "2025.08.26"]
[Round "8"]
[White "Garcia Correa, Jose Ricardo"]
[Black "Khusnitdinova, Husnorakhon"]
[Result "1-0"]
[WhiteTitle "FM"]
[BlackTitle "WCM"]
[WhiteElo "2103"]
[BlackElo "1804"]
[WhiteFideId "5101832"]
[BlackFideId "14228106"]
[EventDate "2025.08.26"]

1. e4 e5 2. Nf3 Nc6 3. Bb5 a6 4. Ba4 Nge7 5. O-O Ng6 6. c3 d5 7. exd5 Qxd5 8. d4
Bg4 9. Bxc6+ Qxc6 10. Re1 O-O-O 11. Nbd2 exd4 12. cxd4 Nh4 13. Qb3 Bxf3 14. Nxf3
Nxf3+ 15. gxf3 Qg6+ 16. Kh1 Bd6 17. Rg1 Qh5 18. Rg2 Rhe8 19. Bd2 Re2 20. Qd3
Rde8 21. Rc1 c6 22. b4 Bc7 23. a4 R2e6 24. b5 axb5 25. axb5 cxb5 26. d5 R6e7 27.
d6 Rd7 28. Rxc7+ Rxc7 29. dxc7 Kxc7 30. Bf4+ Kc8 31. Bg3 Re1+ 32. Rg1 Rxg1+ 33.
Kxg1 b4 34. Qc4+ Kd7 35. Kg2 1-0

[Event "Titled Tue 26th Aug Early"]
[Site "chess.com INT"]
[Date "2025.08.26"]
[Round "8"]
[White "Gilfanov, Marat I"]
[Black "Megalios, Konstantinos"]
[Result "0-1"]
[WhiteTitle "FM"]
[BlackTitle "IM"]
[WhiteElo "2304"]
[BlackElo "2383"]
[WhiteFideId "34372164"]
[BlackFideId "4238044"]
[EventDate "2025.08.26"]

1. e4 c6 2. d4 d5 3. e5 Bf5 4. Nf3 e6 5. Be2 Nd7 6. O-O Bg6 7. Nbd2 Nh6 8. Nb3
Be7 9. a4 O-O 10. Re1 f6 11. exf6 Bxf6 12. Bd3 Bh5 13. Bxh6 gxh6 14. Rxe6 Bg4
15. Re1 Bg7 16. Be2 Qf6 17. h3 Bh5 18. Qd2 Rae8 19. a5 Kh8 20. Qb4 Rxe2 21. Rxe2
Bxf3 22. gxf3 Qxf3 23. Qe7 Rg8 24. Qe6 Bf6+ 25. Qxg8+ Kxg8 26. Rae1 Qxh3 27.
Re8+ Kf7 28. Ra8 a6 29. Ra7 Qg4+ 30. Kf1 Kg6 31. Rxb7 h5 32. Re3 h4 33. Ke1 Bg5
34. Re8 h3 35. Rg8+ Kh5 36. Rh8 h6 0-1

[Event "Titled Tue 26th Aug Early"]
[Site "chess.com INT"]
[Date "2025.08.26"]
[Round "8"]
[White "Drozdowski, Kacper"]
[Black "Molaei, Mohammadamin"]
[Result "1/2-1/2"]
[WhiteTitle "IM"]
[BlackTitle "IM"]
[WhiteElo "2450"]
[BlackElo "2325"]
[WhiteFideId "1136720"]
[BlackFideId "12541451"]
[EventDate "2025.08.26"]

1. e4 c5 2. Nf3 g6 3. d4 cxd4 4. Nxd4 Nc6 5. Nc3 Bg7 6. Be3 Nf6 7. Bc4 Qa5 8.
Nb3 Qc7 9. O-O O-O 10. Bg5 a6 11. Qd2 d6 12. Bxf6 exf6 13. Nd5 Qd8 14. a4 Be6
15. Rfd1 f5 16. exf5 Bxf5 17. c3 Ne5 18. Bf1 Qh4 19. Nd4 Bg4 20. Re1 Rad8 21. f4
Nd7 22. Re3 Rde8 23. Rae1 Rxe3 24. Rxe3 Nc5 25. a5 Ne6 26. Nf3 Bxf3 27. Rxf3 Nc5
28. Re3 Qd8 29. b4 Ne6 30. Qf2 Re8 31. f5 Nc7 32. Rxe8+ Nxe8 33. Bc4 Nf6 34.
fxg6 hxg6 35. Qf3 Nxd5 36. Bxd5 Qf6 37. Qxf6 Bxf6 38. c4 Bc3 39. Bxb7 Bxb4 40.
Bxa6 Bxa5 41. Kf1 1/2-1/2

[Event "Titled Tue 26th Aug Early"]
[Site "chess.com INT"]
[Date "2025.08.26"]
[Round "8"]
[White "Fiskaaen, Martin Holten"]
[Black "Liu, Zachary Hankun"]
[Result "0-1"]
[WhiteTitle "FM"]
[WhiteElo "2341"]
[BlackElo "1998"]
[WhiteFideId "1550233"]
[BlackFideId "2640287"]
[EventDate "2025.08.26"]

1. Nf3 d5 2. d4 Nf6 3. Bf4 c5 4. e3 Nc6 5. Nbd2 Qb6 6. dxc5 Qxb2 7. Rb1 Qc3 8.
Bb5 g6 9. O-O Bd7 10. Rb3 Qxc5 11. c4 dxc4 12. Nxc4 Bg7 13. Nd4 O-O 14. Bxc6
Bxc6 15. Nxc6 Qxc6 16. Na5 Qa4 17. Nxb7 Qxa2 18. Qb1 Qxb1 19. Rfxb1 Nd5 20. Bg3
Nc3 21. Re1 a5 22. Nc5 a4 23. Ra3 Rfc8 24. Nd3 Nb5 25. Ra2 a3 26. Be5 Bxe5 27.
Nxe5 Nc3 28. Raa1 a2 29. Nd3 Rab8 30. Kf1 Rb1 31. Nf4 Rcb8 32. Ne2 Nxe2 33. Kxe2
Rxe1+ 34. Rxe1 Rb1 0-1

[Event "Titled Tue 26th Aug Early"]
[Site "chess.com INT"]
[Date "2025.08.26"]
[Round "8"]
[White "Korchynskyi, Mykola"]
[Black "Jimenez Salas, Maria Teresa"]
[Result "1-0"]
[WhiteTitle "FM"]
[BlackTitle "WIM"]
[WhiteElo "2359"]
[BlackElo "2249"]
[WhiteFideId "34138005"]
[BlackFideId "3843866"]
[EventDate "2025.08.26"]

1. d4 d5 2. c4 c6 3. Nc3 dxc4 4. e3 Nf6 5. Bxc4 b5 6. Be2 Bb7 7. Nf3 e6 8. O-O
a6 9. a4 Nbd7 10. Bd2 b4 11. Na2 a5 12. Nc1 c5 13. Nb3 Be7 14. Rc1 cxd4 15.
Nfxd4 O-O 16. Bf3 Bxf3 17. Qxf3 Ne5 18. Qe2 Qb6 19. h3 Rac8 20. f4 Ned7 21. Qb5
Qxb5 22. axb5 Ne4 23. Rfd1 a4 24. Nc6 Bf6 25. Bxb4 axb3 26. Bxf8 Nxf8 27. Ne7+
Bxe7 28. Rxc8 Nd6 29. b6 Nxc8 30. b7 1-0

[Event "Titled Tue 26th Aug Early"]
[Site "chess.com INT"]
[Date "2025.08.26"]
[Round "8"]
[White "Ruperez Benito, Antonio"]
[Black "Sakhayi, Mostafa"]
[Result "1-0"]
[WhiteTitle "FM"]
[BlackTitle "CM"]
[WhiteElo "2328"]
[BlackElo "2166"]
[WhiteFideId "22245049"]
[BlackFideId "12512532"]
[EventDate "2025.08.26"]

1. e4 e5 2. Nf3 Nc6 3. Bc4 Nf6 4. d3 Be7 5. O-O O-O 6. a4 d5 7. exd5 Nxd5 8. Re1
Bg4 9. h3 Bh5 10. Nbd2 f6 11. c3 Kh8 12. Ne4 Nb6 13. Bb5 a6 14. Bxc6 bxc6 15.
Ng3 Bg6 16. d4 Nd7 17. dxe5 fxe5 18. Be3 Bd6 19. Ng5 Qe7 20. a5 h6 21. N5e4 Nf6
22. Qa4 Qd7 23. Rad1 Rab8 24. Re2 Rb5 25. Nxf6 Rxf6 26. c4 Rb8 27. c5 Qf7 28.
cxd6 cxd6 29. Qxc6 Kh7 30. Rxd6 Rxd6 31. Qxd6 Rc8 32. Qxe5 Rc4 33. Bd4 Ra4 34.
Bc3 Ra1+ 35. Kh2 1-0

[Event "Titled Tue 26th Aug Early"]
[Site "chess.com INT"]
[Date "2025.08.26"]
[Round "8"]
[White "Izafatava, Kira"]
[Black "Tran Le Vy"]
[Result "0-1"]
[WhiteTitle "WCM"]
[BlackTitle "WFM"]
[WhiteElo "1945"]
[BlackElo "1973"]
[WhiteFideId "13521705"]
[BlackFideId "12423599"]
[EventDate "2025.08.26"]

1. e4 e5 2. Bc4 Nc6 3. Nf3 Bc5 4. c3 Nf6 5. d3 O-O 6. a4 a5 7. h3 d5 8. exd5
Nxd5 9. O-O Nb6 10. Bb3 Bf5 11. d4 exd4 12. cxd4 Nxd4 13. Nxd4 Qxd4 14. Nc3 Bd3
15. Be3 Qd7 16. Bxc5 Bxf1 17. Bxf8 Bxg2 18. Qxd7 Nxd7 19. Kxg2 Kxf8 20. Nb5 Nc5
21. Bc4 c6 22. Nd6 f6 23. b3 Rd8 24. Nf5 g6 25. Ne3 Rd2 26. Kf3 f5 27. Rd1 Rb2
28. Rd8+ Kg7 29. Rb8 Kh6 30. Ra8 Ne4 31. Rxa5 Rxf2# 0-1

[Event "Titled Tue 26th Aug Early"]
[Site "chess.com INT"]
[Date "2025.08.26"]
[Round "8"]
[White "Rossi, Maximiliano"]
[Black "Turcsanyi, Vince Gergo"]
[Result "1-0"]
[BlackTitle "FM"]
[WhiteElo "2013"]
[BlackElo "2297"]
[WhiteFideId "113425"]
[BlackFideId "791784"]
[EventDate "2025.08.26"]

1. e4 c5 2. Nf3 d6 3. Bb5+ Nd7 4. c4 g6 5. O-O Bg7 6. Nc3 Nf6 7. d4 cxd4 8. Nxd4
O-O 9. Re1 Nb6 10. b3 a6 11. Ba4 Nxa4 12. Nxa4 b5 13. cxb5 axb5 14. Nc3 b4 15.
Nd5 Nxd5 16. exd5 Bb7 17. Bg5 Re8 18. Rc1 Bxd4 19. Qxd4 f6 20. Bh6 Qa5 21. h4
Qxd5 22. Qxd5+ Bxd5 23. Rc7 Kf7 24. Re2 Rec8 25. Rexe7+ Kg8 26. Rg7+ Kh8 27.
Rxh7+ Kg8 28. Rcg7+ Kf8 29. Rh8+ Bg8 30. Rhxg8# 1-0

[Event "Titled Tue 26th Aug Early"]
[Site "chess.com INT"]
[Date "2025.08.26"]
[Round "8"]
[White "Lisenkov, Svyatoslav"]
[Black "Henriquez Villagra, Cristobal"]
[Result "0-1"]
[WhiteTitle "FM"]
[BlackTitle "GM"]
[WhiteElo "2343"]
[BlackElo "2592"]
[WhiteFideId "34264183"]
[BlackFideId "3409350"]
[EventDate "2025.08.26"]

1. e4 c6 2. d4 d5 3. e5 c5 4. dxc5 e6 5. c3 Nd7 6. Nf3 Nxc5 7. Be3 Bd7 8. Nbd2
Qc7 9. Nb3 a6 10. Nxc5 Bxc5 11. Bxc5 Qxc5 12. Bd3 Ne7 13. O-O h6 14. Re1 O-O 15.
a4 Rac8 16. a5 Bb5 17. Bc2 Nc6 18. Qd2 d4 19. cxd4 Qb4 20. Red1 Rfd8 21. Be4
Qxd2 22. Rxd2 Nxa5 23. Rdd1 Nb3 24. Rab1 Be2 25. Re1 Bxf3 26. Bxf3 Nd2 27. Bxb7
Rb8 28. Rbd1 Rxd4 29. Bxa6 Rxb2 30. h3 g5 31. Re2 Nf3+ 32. gxf3 Rxd1+ 33. Kg2
Rxe2 34. Bxe2 Re1 35. Bd3 Rxe5 36. f4 Rd5 37. Kf3 Rxd3+ 38. Kg4 Rd4 39. Kh5 Rxf4
40. Kxh6 Rxf2 41. Kxg5 e5 42. h4 e4 43. h5 e3 44. h6 e2 45. h7+ Kh8 0-1

[Event "Titled Tue 26th Aug Early"]
[Site "chess.com INT"]
[Date "2025.08.26"]
[Round "8"]
[White "Lamaze, Simon"]
[Black "Shandrygin, Nikita"]
[Result "0-1"]
[WhiteTitle "IM"]
[BlackTitle "FM"]
[WhiteElo "2468"]
[BlackElo "2209"]
[WhiteFideId "36069264"]
[BlackFideId "24198668"]
[EventDate "2025.08.26"]

1. d4 d5 2. c4 Nc6 3. Nc3 Nf6 4. Nf3 dxc4 5. d5 Na5 6. e4 c6 7. b4 cxb3 8. axb3
b6 9. b4 Nb7 10. dxc6 Qxd1+ 11. Kxd1 Nd8 12. Bb5 Ne6 13. e5 Ng4 14. c7+ Bd7 15.
Ke2 Nxc7 16. Bxd7+ Kxd7 17. h3 Nh6 18. Rd1+ Kc6 19. Bxh6 gxh6 20. Nd5 Rc8 21.
Rxa7 Nb5 22. Raa1 e6 23. Rdc1+ Kb7 24. Rxc8 Kxc8 25. Nxb6+ Kb7 26. Na4 Be7 27.
Kd3 Rc8 28. Rb1 Ra8 29. Nc5+ Kc6 30. Nb3 Kb6 31. Nbd4 Rd8 32. Ke4 Nc3+ 0-1

[Event "Titled Tue 26th Aug Early"]
[Site "chess.com INT"]
[Date "2025.08.26"]
[Round "8"]
[White "Wen, Gehua"]
[Black "Javakhadze, Zurab"]
[Result "1-0"]
[WhiteTitle "CM"]
[BlackTitle "IM"]
[WhiteElo "2196"]
[BlackElo "2417"]
[WhiteFideId "8603430"]
[BlackFideId "13603647"]
[EventDate "2025.08.26"]

1. d4 Nf6 2. Nf3 b5 3. Bf4 Bb7 4. e3 a6 5. Nbd2 e6 6. Bd3 c5 7. c3 d6 8. h3 e5
9. dxe5 dxe5 10. Nxe5 Bxg2 11. Rg1 Bb7 12. Qe2 Nc6 13. O-O-O Qb6 14. Ndf3 Nxe5
15. Nxe5 g6 16. Ng4 Bg7 17. Nxf6+ Bxf6 18. Bh6 O-O-O 19. Bf4 Qe6 20. Kb1 Qxh3
21. Bxb5 axb5 22. Qxb5 Qe6 23. Qxc5+ Qc6 24. Qa7 Qa6 25. Qc5+ Qc6 26. Qa7 Qa6
27. Qb8# 1-0

[Event "Titled Tue 26th Aug Early"]
[Site "chess.com INT"]
[Date "2025.08.26"]
[Round "8"]
[White "Iskusnyh, Sergei"]
[Black "Nassr, Ahmed"]
[Result "1-0"]
[WhiteTitle "GM"]
[BlackTitle "IM"]
[WhiteElo "2440"]
[BlackElo "2153"]
[WhiteFideId "4120027"]
[BlackFideId "7904860"]
[EventDate "2025.08.26"]

1. d4 Nf6 2. c4 e6 3. g3 d5 4. Bg2 Be7 5. Nf3 O-O 6. Qc2 b6 7. O-O Bb7 8. cxd5
exd5 9. Nc3 Nbd7 10. Rd1 c5 11. dxc5 bxc5 12. Nh4 Nb6 13. Nf5 Re8 14. Bg5 Rb8
15. e3 h6 16. Bf4 Rc8 17. Be5 Bc6 18. Nxe7+ Qxe7 19. Bxf6 Qxf6 20. Nxd5 Qe6 21.
Nf4 Qf6 22. Rac1 Bxg2 23. Kxg2 g5 24. Ne2 Qc6+ 25. Kg1 Qf3 26. Nc3 1-0

[Event "Titled Tue 26th Aug Early"]
[Site "chess.com INT"]
[Date "2025.08.26"]
[Round "8"]
[White "Ibrahimli, Murad"]
[Black "Brodowski, Piotr"]
[Result "1-0"]
[WhiteTitle "IM"]
[BlackTitle "IM"]
[WhiteElo "2445"]
[BlackElo "2457"]
[WhiteFideId "13410229"]
[BlackFideId "1124480"]
[EventDate "2025.08.26"]

1. d4 Nf6 2. c4 c5 3. d5 e6 4. Nc3 exd5 5. cxd5 d6 6. e4 g6 7. Nf3 Bg7 8. h3 a6
9. a4 Nbd7 10. Bd3 Nh5 11. Be2 Ne5 12. Nxe5 Bxe5 13. Bxh5 gxh5 14. Qxh5 Qf6 15.
O-O Rg8 16. Be3 Bd7 17. f4 Bxc3 18. bxc3 Qxc3 19. Rae1 O-O-O 20. f5 Bxa4 21. Bf4
f6 22. Re3 Qd4 23. Kh2 Rg7 24. Rg1 Bc2 25. Qe2 Ba4 26. g4 Bb5 27. Qf3 Kd7 28. h4
Rdg8 29. g5 Bc4 30. Qg3 b5 31. Bxd6 fxg5 32. Be5 gxh4 33. Qxg7+ Rxg7 34. Rxg7+
Ke8 35. Bxd4 cxd4 36. Ra3 b4 37. Ra4 d3 38. Rxb4 Bb5 39. Rd4 1-0